000
00205nam a22000977a 4500
082
_a
894.812
_b
PAT/S
100
_a
PATHMANABHAPILLA
245
_a
SHABDHATHARAVALI
650
_a
MALAYALAM REFERENCE
942
_c
BK
999
_c
9042
_d
9042